Statystyki dla Gliwice - dzielnice

Kliknij tutaj aby rozwiązać quiz!

Ogólne statystyki

  • Ten quiz został rozwiązany 170 razy
  • Średni wynik to 11 z 21

Statystyki odpowiedzi

NumerOdpowiedź% Poprawnych
2.Łabędy
80%
13.Trynek
78%
10.Sośnica
74%
14.Sikornik
71%
21.Śródmieście
70%
7.Szobiszowice
59%
8.Zatorze
58%
15.Bojków
56%
6.Żerniki
56%
19.Stare Gliwice
53%
1.Czechowice
51%
17.Ostropa
50%
4.Kopernika
49%
11.Ligota Zabrska
47%
18.Wilcze Gardło
45%
3.Brzezinka
44%
5.Obrońców Pokoju
43%
9.Baildona
42%
12.
Politechnika
38%
16.Wójtowa Wieś
38%
20.Wojska Polskiego
33%

Rozkład punktacji

Percentyl według liczby udzielonych odpowiedzi

Procent ludzi z każdym wynikiem

Twoja historia wyników

Nie rozwiązałeś tego quizu